|
|
|
|
| LEADER |
00907nam a22002774a 4500 |
| 001 |
58095823 |
| 003 |
BD-DhAAL |
| 005 |
20151005103406.0 |
| 008 |
151005s2000 enka f b 001 0 eng |
| 010 |
|
|
|a 2001339412
|
| 020 |
|
|
|a 0006532330
|
| 020 |
|
|
|a 1861976607
|
| 020 |
|
|
|a 0002571986
|
| 040 |
|
|
|a DLC
|c DLC
|d DLC
|d BD-DhAAL
|
| 050 |
0 |
0 |
|a HM1261
|b .L38 2000
|
| 082 |
0 |
0 |
|a 303.3/4
|2 22
|
| 100 |
1 |
|
|a Landsberg, Max.
|9 15119
|
| 245 |
1 |
4 |
|a The tools of leadership /
|c Max Landsberg.
|
| 260 |
|
|
|a London :
|b HarperCollinsBusiness,
|b Profile Books,
|c 2000.
|
| 300 |
|
|
|a xi, 175 p. :
|b ill. ;
|c 22 cm.
|
| 504 |
|
|
|a Includes bibliographical references and index.
|
| 541 |
|
|
|e 5823
|
| 650 |
|
0 |
|a Leadership.
|9 15120
|
| 942 |
|
|
|2 ddc
|c BK
|
| 999 |
|
|
|c 35685
|d 35685
|
| 952 |
|
|
|0 0
|1 0
|2 ddc
|4 0
|6 303_300000000000000_4_LAN
|7 0
|9 56123
|a SCL
|b SCL
|c GEN
|d 2015-10-05
|g 290.00
|l 0
|o 303.34 LAN
|p 3020005823
|r 2015-10-05
|t 1
|w 2015-10-05
|y BK
|